[Event "Junior Online 4NCL Division 5"]
[Site "online"]
[Date "2020.05.28"]
[Round "7.39"]
[White "Parizad, Anjal"]
[Black "Roul, Karan"]
[Result "1-0"]
[WhiteElo "1000"]
[BlackElo "434"]
[PlyCount "121"]
[EventDate "2020.05.28"]
[WhiteTeam "Leicestershire Juniors 4"]
[BlackTeam "East Kilbride Bishops"]

1. e4 d5 2. d3 dxe4 3. dxe4 Qxd1+ 4. Kxd1 e5 5. Bb5+ Bd7 6. Bxd7+ Nxd7 7. Bg5
Ndf6 8. Bxf6 Nxf6 9. f3 Bb4 10. c3 O-O-O+ 11. Ke1 Bc5 12. Nh3 h6 13. b4 Bb6 14.
a4 Rhe8 15. a5 Be3 16. Na3 Bd2+ 17. Kf2 Bxc3 18. Rac1 Bxb4 19. Nb5 c6 20. Nxa7+
Kb8 21. Nxc6+ Kc8 22. Nxb4+ Kd7 23. Rhd1+ Ke7 24. Rxd8 Rxd8 25. Rc7+ Kf8 26.
Rxb7 Rd2+ 27. Ke3 Ra2 28. Rb8+ Ke7 29. Nc6+ Kd7 30. Nb4 Rxa5 31. g4 Ra3+ 32.
Nd3 Kc7 33. Rb2 Kc6 34. Rc2+ Kb5 35. Rc5+ Ka4 36. Rxe5 Kb3 37. Nc5+ Kb4+ 38.
Kf2 Ra2+ 39. Kg3 Rc2 40. Na6+ Kb3 41. Nf2 Nd7 42. Rb5+ Kc3 43. f4 Kd2 44. Rd5+
Ke3 45. Rxd7 Rc3 46. Rxf7 g6 47. e5 Ke2+ 48. Kg2 Rf3 49. e6 Rxf2+ 50. Kg3 Rf3+
51. Kg2 g5 52. e7 Rf2+ 53. Kh3 Rf3+ 54. Kg2 Rf2+ 55. Kg1 Kf3 56. e8=Q Rg2+ 57.
Kf1 Rxh2 58. Qc6+ Ke3 59. Qc3+ Ke4 60. Re7+ Kd5 61. Qc5# 1-0

[Event "Junior Online 4NCL Division 5"]
[Site "online"]
[Date "2020.05.28"]
[Round "7.40"]
[White "Narasimhan, Srivathsan"]
[Black "Miles, Jacob"]
[Result "1-0"]
[WhiteElo "410"]
[BlackElo "1022"]
[PlyCount "96"]
[EventDate "2020.05.28"]
[WhiteTeam "East Kilbride Bishops"]
[BlackTeam "Leicestershire Juniors 4"]

1. e4 e5 2. Nf3 Bd6 3. Nc3 Nf6 4. Bc4 Nc6 5. O-O O-O 6. Ng5 Qe8 7. Bxf7+ Rxf7
8. Nxf7 Qxf7 9. Nd5 Nb4 10. Nxb4 Bxb4 11. c3 Bd6 12. d4 Nxe4 13. Re1 exd4 14.
Rxe4 Qd5 15. Re8+ Kf7 16. Qe1 Qh5 17. g3 b6 18. Qe4 Bb7 19. Qxb7 Rxe8 20. Bf4
Bxf4 21. gxf4 Qg4+ 22. Kf1 Qxf4 23. Qd5+ Re6 24. Qxd7+ Re7 25. Qd5+ Ke8 26.
Qa8+ Kf7 27. Qd5+ Kg6 28. cxd4 Rf7 29. Qg2+ Kh6 30. Qh3+ Kg5 31. Qg3+ Kh5 32.
Qxf4 Rxf4 33. d5 Rd4 34. Re1 Rxd5 35. Re7 c5 36. Rxa7 b5 37. Rxg7 Rd1+ 38. Ke2
Rd5 39. Rxh7+ Kg6 40. Rc7 b4 41. b3 Re5+ 42. Kd3 Rd5+ 43. Ke4 Rf5 44. Rc6+ Kg5
45. f4+ Kg4 46. Rg6+ Kh5 47. Kxf5 Kh4 48. Rg4+ Kh3 1-0

[Event "Junior Online 4NCL Division 5"]
[Site "online"]
[Date "2020.05.28"]
[Round "7.41"]
[White "Norton, Laurence"]
[Black "Roul, Tushar"]
[Result "1-0"]
[WhiteElo "887"]
[BlackElo "398"]
[PlyCount "51"]
[EventDate "2020.05.28"]
[WhiteTeam "Leicestershire Juniors 4"]
[BlackTeam "East Kilbride Bishops"]

1. e4 d5 2. exd5 Nf6 3. Nc3 Nxd5 4. Nxd5 Qxd5 5. Nf3 Bf5 6. Be2 Nc6 7. O-O
O-O-O 8. d3 e5 9. Be3 Be7 10. d4 Be4 11. dxe5 Qxe5 12. Qxd8+ Bxd8 13. Nxe5 Nxe5
14. Bd4 f6 15. Bxe5 fxe5 16. c4 Bf5 17. Rfe1 Re8 18. Rad1 Bc2 19. Rd2 Be4 20.
Bg4+ Kb8 21. Rxe4 c6 22. f4 Bb6+ 23. Kf1 exf4 24. Rxe8+ Bd8 25. Rexd8+ Kc7 26.
R2d7+ 1-0

[Event "Junior Online 4NCL Division 5"]
[Site "online"]
[Date "2020.05.28"]
[Round "7.42"]
[White "Israni, Ishita"]
[Black "Sehgal, Garv"]
[Result "0-1"]
[WhiteElo "306"]
[BlackElo "782"]
[PlyCount "120"]
[EventDate "2020.05.28"]
[WhiteTeam "East Kilbride Bishops"]
[BlackTeam "Leicestershire Juniors 4"]

1. e4 e5 2. Nf3 Nc6 3. Bc4 Nf6 4. Ng5 d5 5. exd5 Nxd5 6. d3 Bb4+ 7. Nc3 Bxc3+
8. bxc3 O-O 9. Qd2 Nf6 10. O-O Bf5 11. d4 exd4 12. cxd4 Qxd4 13. Qxd4 Nxd4 14.
Rb1 Nxc2 15. Rb5 Nd4 16. Re5 Rae8 17. Bf4 Rxe5 18. Bxe5 h6 19. Bxd4 hxg5 20.
Re1 Ne4 21. Rb1 Nd6 22. Rb4 Nxc4 23. Rxc4 Re8 24. g3 Bh3 25. Bc3 Be6 26. Rxc7
Bxa2 27. Rxb7 Rc8 28. Ba5 Bd5 29. Rc7 Rxc7 30. Bxc7 f5 31. h4 g4 32. Kf1 Bc4+
33. Kg2 Bd5+ 34. Kf1 g6 35. Ke2 Bf3+ 36. Ke3 Kh7 37. Kf4 Kh6 38. Ke3 g5 39.
hxg5+ Kxg5 40. Bf4+ Kh5 41. Kd4 a5 42. Kc3 a4 43. Kb4 Bd1 44. Kc3 a3 45. Kd2 a2
46. Be5 Bf3 47. Ke3 Kg5 48. Kd3 Be4+ 49. Kc4 f4 50. gxf4+ Kf5 51. Kd4 a1=Q+ 52.
Ke3 Qa3+ 53. Kd4 Qd3+ 54. Kc5 g3 55. fxg3 Qxg3 56. Kd6 Qg6+ 57. Ke7 Qe6+ 58.
Kf8 Bd5 59. Kg7 Qg6+ 60. Kf8 Qf7# 0-1

[Event "Junior Online 4NCL Division 5"]
[Site "online"]
[Date "2020.05.28"]
[Round "7.45"]
[White "Smith, Mia"]
[Black "Bailey, Matthew"]
[Result "1/2-1/2"]
[WhiteElo "1075"]
[BlackElo "1037"]
[PlyCount "134"]
[EventDate "2020.05.28"]
[WhiteTeam "Harrow Juniors G"]
[BlackTeam "Surbiton Juniors C"]

1. e4 c5 2. c3 Nc6 3. Nf3 e5 4. Bb5 Nf6 5. d3 d6 6. O-O Be7 7. h3 a6 8. Bxc6+
bxc6 9. d4 cxd4 10. cxd4 O-O 11. dxe5 dxe5 12. Qa4 Qc7 13. Be3 Bb7 14. Nc3 c5
15. Rad1 Bc6 16. Qc2 Rfd8 17. Rd2 Rxd2 18. Bxd2 Rd8 19. Be3 a5 20. Re1 Rd7 21.
Re2 Rd8 22. Rd2 Rd7 23. Rxd7 Qxd7 24. Nxe5 Qe6 25. Nxc6 Qxc6 26. f3 h6 27. Qd3
c4 28. Qd2 g5 29. Nd5 Nxd5 30. exd5 Qa4 31. d6 Bd8 32. a3 Qc6 33. d7 Kf8 34.
Qd4 Ke7 35. Kf2 Qxd7 36. Qxd7+ Kxd7 37. Bd4 Ke6 38. Bc3 Kf5 39. Kg3 a4 40. Kf2
f6 41. Ke2 Kg6 42. Kd2 Kf5 43. Ke3 Kg6 44. Ke4 Be7 45. Kd5 Bd8 46. Kxc4 h5 47.
Kb5 f5 48. Kxa4 g4 49. hxg4 fxg4 50. fxg4 hxg4 51. g3 Bc7 52. Be1 Kf5 53. b4
Ke4 54. Kb5 Kf3 55. a4 Bxg3 56. Bxg3 Kxg3 57. a5 Kf2 58. a6 g3 59. a7 g2 60.
a8=Q g1=Q 61. Qa2+ Kf3 62. Qb3+ Ke4 63. Qc4+ Kf3 64. Qd3+ Kf4 65. Qc4+ Kf3 66.
Qd3+ Kf4 67. Qc4+ Kf3 1/2-1/2

[Event "Junior Online 4NCL Division 5"]
[Site "online"]
[Date "2020.05.28"]
[Round "7.46"]
[White "Broux, Tristan"]
[Black "Patel-Davis, Riyan"]
[Result "1-0"]
[WhiteElo "955"]
[BlackElo "902"]
[PlyCount "33"]
[EventDate "2020.05.28"]
[WhiteTeam "Surbiton Juniors C"]
[BlackTeam "Harrow Juniors G"]

1. e4 e5 2. Qh5 Nf6 3. Qxe5+ Be7 4. Qg5 Nxe4 5. Qxg7 Bf6 6. Qg4 Ng5 7. d3 Be7
8. Nf3 h5 9. Qd4 c5 10. Qxh8+ Bf8 11. Bxg5 Qa5+ 12. Bd2 Qd8 13. Qe5+ Be7 14.
Bh6 Qa5+ 15. c3 Qb5 16. Qh8+ Bf8 17. Qxf8# 1-0

[Event "Junior Online 4NCL Division 5"]
[Site "online"]
[Date "2020.05.28"]
[Round "7.47"]
[White "Wang, Xiling"]
[Black "Tran, Joseph"]
[Result "0-1"]
[WhiteElo "925"]
[BlackElo "737"]
[PlyCount "110"]
[EventDate "2020.05.28"]
[WhiteTeam "Harrow Juniors G"]
[BlackTeam "Surbiton Juniors C"]

1. e4 e5 2. Nf3 Nc6 3. Bb5 Nf6 4. Bxc6 bxc6 5. Nxe5 Bd6 6. d3 Bxe5 7. Bg5 Bxb2
8. Bxf6 gxf6 9. Nc3 Bxc3+ 10. Ke2 Bxa1 11. Qxa1 d6 12. Rb1 Bg4+ 13. f3 Bh5 14.
Kf1 d5 15. exd5 Qxd5 16. Re1+ Kd7 17. Qxf6 Rhf8 18. Qe7+ Kc8 19. Qxf8+ Kb7 20.
Qb4+ Qb5 21. Qh4 Bg6 22. Qh6 Qb2 23. Qf4 Qxc2 24. Rc1 Qxd3+ 25. Kg1 Qf5 26.
Qb4+ Qb5 27. Qg4 Qb2 28. Rc4 Qb1+ 29. Kf2 a5 30. Ra4 Qb2+ 31. Kg3 Qe5+ 32. f4
Qe3+ 33. Qf3 Qxf3+ 34. Kxf3 Bc2 35. Rc4 Bd3 36. Rc3 Bg6 37. Rb3+ Ka6 38. Kg4
Bc2 39. Rc3 Bd1+ 40. Kg3 Rg8+ 41. Kf2 h5 42. Ke1 Bg4 43. h3 Be6 44. Re3 Re8 45.
Rc3 Bxa2+ 46. Kf1 Bd5 47. Rc5 Rb8 48. g4 hxg4 49. hxg4 Rb2 50. g5 a4 51. f5 a3
52. g6 fxg6 53. fxg6 a2 54. g7 a1=Q+ 55. Rc1 Qxc1# 0-1

[Event "Junior Online 4NCL Division 5"]
[Site "online"]
[Date "2020.05.28"]
[Round "7.48"]
[White "Ciais, Dimitri P"]
[Black "Patel, Ryan"]
[Result "1-0"]
[WhiteElo "730"]
[BlackElo "700"]
[PlyCount "71"]
[EventDate "2020.05.28"]
[WhiteTeam "Surbiton Juniors C"]
[BlackTeam "Harrow Juniors G"]

1. e4 d5 2. Nc3 d4 3. Nd5 e6 4. Nb4 Bxb4 5. c3 dxc3 6. dxc3 Bc5 7. Nf3 g5 8.
Bxg5 f6 9. Bf4 e5 10. Bb5+ c6 11. Bc4 b5 12. Bxg8 Rxg8 13. Bh6 Rxg2 14. Nh4
Rxf2 15. b4 Bb6 16. Qh5+ Kd7 17. Rd1+ Kc7 18. Qf7+ Qd7 19. Rxd7+ Nxd7 20. Rg1
Rxh2 21. Nf5 Bxg1 22. Ne7 Bb7 23. Qg7 c5 24. Qxg1 Rxh6 25. bxc5 Bxe4 26. Qe3
Bb7 27. Qxh6 Nxc5 28. Qxf6 Kd7 29. Qg7 e4 30. Nd5+ Kc6 31. Nb4+ Kb6 32. Qd4 h5
33. Qd6+ Ka5 34. Qxc5 h4 35. c4 h3 36. Qxb5# 1-0

[Event "Junior Online 4NCL Division 5"]
[Site "online"]
[Date "2020.05.28"]
[Round "7.49"]
[White "Bailey, Matthew"]
[Black "Smith, Mia"]
[Result "1-0"]
[WhiteElo "1037"]
[BlackElo "1075"]
[PlyCount "95"]
[EventDate "2020.05.28"]
[WhiteTeam "Surbiton Juniors C"]
[BlackTeam "Harrow Juniors G"]

1. e4 e5 2. Nf3 Nc6 3. Bb5 Nf6 4. O-O d6 5. d4 Bd7 6. Nc3 exd4 7. Nxd4 Nxd4 8.
Bxd7+ Qxd7 9. Qxd4 O-O-O 10. Qxa7 b6 11. Qa3 Qc6 12. Bg5 Be7 13. Rfe1 h6 14.
Bf4 Rde8 15. Qa4 Qxa4 16. Nxa4 g5 17. Bg3 Nh5 18. Nc3 Rhf8 19. a4 f5 20. exf5
Rxf5 21. b4 Kd7 22. a5 bxa5 23. bxa5 Ra8 24. Kf1 Rfxa5 25. Rxa5 Rxa5 26. Ke2
Nxg3+ 27. fxg3 Re5+ 28. Kf1 Rxe1+ 29. Kxe1 c5 30. Nd5 Bf8 31. Kd2 Kc6 32. Ne3
d5 33. Nd1 c4 34. c3 Kc5 35. Kc2 d4 36. cxd4+ Kxd4 37. Kd2 Bb4+ 38. Kc2 c3 39.
Kb3 Kc5 40. Nxc3 Bxc3 41. Kxc3 Kd5 42. Kd3 Ke5 43. Ke3 Kd5 44. Kf3 Kd4 45. Kg4
Ke3 46. Kh5 Kf2 47. Kxh6 Kxg2 48. Kxg5 1-0

[Event "Junior Online 4NCL Division 5"]
[Site "online"]
[Date "2020.05.28"]
[Round "7.50"]
[White "Patel-Davis, Riyan"]
[Black "Broux, Tristan"]
[Result "1/2-1/2"]
[WhiteElo "902"]
[BlackElo "955"]
[PlyCount "119"]
[EventDate "2020.05.28"]
[WhiteTeam "Harrow Juniors G"]
[BlackTeam "Surbiton Juniors C"]

1. e4 e6 2. d4 Qh4 3. g3 Qxe4+ 4. Be2 Qxh1 5. Kf1 b5 6. Bf3 Qxh2 7. Bxa8 Ba6 8.
Nf3 Qh3+ 9. Ke1 b4 10. Ng1 Qf1+ 11. Kd2 b3 12. Ke3 Qxd1 13. Nc3 Qxc1+ 14. Rxc1
bxa2 15. Nxa2 g6 16. Nb4 Bh6+ 17. f4 g5 18. Nxa6 Nxa6 19. Bf3 d6 20. Be2 e5 21.
Bxa6 exd4+ 22. Kxd4 gxf4 23. gxf4 Bxf4 24. Re1+ Kf8 25. Nh3 Bg3 26. Rg1 Bf2+
27. Nxf2 c5+ 28. Kd5 Nf6+ 29. Kc4 d5+ 30. Kxc5 Ke7 31. Re1+ Ne4+ 32. Nxe4 dxe4
33. Rxe4+ Kd7 34. Bb5+ Kc7 35. Re7+ Kd8 36. Rxa7 h5 37. Ra8+ Ke7 38. Rxh8 f6
39. Rxh5 Ke6 40. Bc4+ Ke7 41. b4 Kd7 42. b5 Kc7 43. Rh7+ Kb8 44. b6 f5 45. Kc6
f4 46. Be2 f3 47. Bxf3 Kc8 48. b7+ Kb8 49. Rh8+ Ka7 50. b8=Q+ Ka6 51. Rh7 Ka5
52. c4 Ka6 53. Kd6 Ka5 54. Ke7 Ka6 55. Qd6+ Ka5 56. Rh5+ Ka4 57. c5 Kb5 58. c6+
Kb6 59. c7+ Ka7 60. Rh6 1/2-1/2

[Event "Junior Online 4NCL Division 5"]
[Site "online"]
[Date "2020.05.28"]
[Round "7.51"]
[White "Tran, Joseph"]
[Black "Wang, Xiling"]
[Result "1-0"]
[WhiteElo "737"]
[BlackElo "925"]
[PlyCount "27"]
[EventDate "2020.05.28"]
[WhiteTeam "Surbiton Juniors C"]
[BlackTeam "Harrow Juniors G"]

1. e4 e5 2. Qh5 Nc6 3. Bc4 Ke7 4. Qxf7+ Kd6 5. Qd5+ Ke7 6. Qf7+ Kd6 7. Nc3 Qe7
8. Nb5+ Kc5 9. Qd5+ Kb4 10. c3+ Ka5 11. b4+ Kb6 12. d3 d6 13. Be3+ Ka6 14.
Nxc7# 1-0

[Event "Junior Online 4NCL Division 5"]
[Site "online"]
[Date "2020.05.28"]
[Round "7.52"]
[White "Patel, Ryan"]
[Black "Ciais, Dimitri P"]
[Result "1/2-1/2"]
[WhiteElo "700"]
[BlackElo "730"]
[PlyCount "91"]
[EventDate "2020.05.28"]
[WhiteTeam "Harrow Juniors G"]
[BlackTeam "Surbiton Juniors C"]

1. e4 e5 2. Nf3 Nc6 3. Nc3 Nf6 4. Bb5 d5 5. exd5 Nxd5 6. Nxd5 Qxd5 7. Ba4 b5 8.
Bb3 Qd6 9. Ng5 f6 10. Nf7 Qe7 11. Nxh8 g6 12. Bf7+ Kd7 13. Qg4+ f5 14. Qf3 Nd4
15. Qxa8 Nxc2+ 16. Kd1 Nxa1 17. Qd5+ Qd6 18. Qxb5+ Qc6 19. Qb8 Bg7 20. Nxg6
hxg6 21. Bxg6 Qc2+ 22. Ke2 Qc4+ 23. Ke1 Qe4+ 24. Kf1 Nc2 25. g3 Qxh1+ 26. Ke2
Qxc1 27. Bxf5+ Kc6 28. Bxc8 Bh6 29. Qb7+ Kc5 30. Qxc7+ Kb4 31. Qxe5 Qxd2+ 32.
Kf3 Nd4+ 33. Kg4 Nc6 34. Qf6 Qd4+ 35. Qxd4+ Nxd4 36. a3+ Kb3 37. h4 Kxb2 38.
Kh3 a5 39. f4 Kxa3 40. g4 Bxf4 41. h5 a4 42. Kh4 Nf5+ 43. Kh3 Kb2 44. Bxf5 a3
45. Be6 Bg5 46. Kg3 1/2-1/2

[Event "Junior Online 4NCL Division 5"]
[Site "online"]
[Date "2020.05.28"]
[Round "7.55"]
[White "Das, Anish"]
[Black "Parker, James"]
[Result "0-1"]
[WhiteElo "887"]
[BlackElo "887"]
[PlyCount "44"]
[EventDate "2020.05.28"]
[WhiteTeam "Blue Foxes 1"]
[BlackTeam "Manchester Juniors D"]

1. e4 e5 2. Nf3 Nc6 3. d4 d6 4. Bc4 Bg4 5. h3 Bh5 6. dxe5 dxe5 7. Qxd8+ Rxd8 8.
Be3 Bb4+ 9. Nc3 Nf6 10. O-O O-O 11. a3 Ba5 12. b4 Bb6 13. b5 Bxe3 14. fxe3 Na5
15. Nxe5 Nxc4 16. Nxc4 h6 17. e5 Nd7 18. Rad1 Bxd1 19. Rxd1 a6 20. e6 fxe6 21.
Ne4 axb5 22. Ne5 Nxe5 0-1

[Event "Junior Online 4NCL Division 5"]
[Site "online"]
[Date "2020.05.28"]
[Round "7.56"]
[White "Turner, Rufus"]
[Black "Kula, Michal"]
[Result "0-1"]
[WhiteElo "850"]
[BlackElo "850"]
[PlyCount "112"]
[EventDate "2020.05.28"]
[WhiteTeam "Manchester Juniors D"]
[BlackTeam "Blue Foxes 1"]

1. d4 e6 2. e4 Nh6 3. h4 Qf6 4. e5 Qf5 5. Bd3 Qf4 6. Bxf4 f6 7. exf6 gxf6 8.
Bxc7 Na6 9. c3 Nxc7 10. Qc2 e5 11. Bxh7 f5 12. dxe5 Rxh7 13. f4 d5 14. Qa4+ b5
15. Qd4 Ng4 16. Nf3 Be7 17. a3 a5 18. O-O Be6 19. c4 Na6 20. cxd5 Bc5 21. Qf2
Bxf2+ 22. Rxf2 Nxf2 23. Kxf2 Bxd5 24. Ng5 Rg7 25. Nc3 Nc7 26. b4 a4 27. Nxd5
Nxd5 28. Rd1 Rd8 29. h5 Nc3 30. Rc1 Ne4+ 31. Nxe4 fxe4 32. h6 Rh7 33. g4 Rxh6
34. g5 Rh4 35. g6 Kf8 36. f5 Rf4+ 37. Ke3 Rxf5 38. Rc5 Rd3+ 39. Kxe4 Rdf3 40.
Rxb5 Kg7 41. Rb7+ Kxg6 42. b5 Rf7 43. Rb8 Rxa3 44. b6 Rb3 45. b7 Rbxb7 46. Rxb7
Rxb7 47. e6 Rb5 48. Ke3 Kf6 49. Kd4 Kxe6 50. Kc4 Rb8 51. Kc3 a3 52. Kc2 a2 53.
Kc1 a1=Q+ 54. Kd2 Rb3 55. Ke2 Qa2+ 56. Kf1 Rb1# 0-1

[Event "Junior Online 4NCL Division 5"]
[Site "online"]
[Date "2020.05.28"]
[Round "7.58"]
[White "Pickett, George"]
[Black "Jackson, Will"]
[Result "1-0"]
[WhiteElo "775"]
[BlackElo "850"]
[PlyCount "69"]
[EventDate "2020.05.28"]
[WhiteTeam "Manchester Juniors D"]
[BlackTeam "Blue Foxes 1"]

1. e4 e5 2. Bc4 f6 3. Nc3 Bb4 4. a3 Bxc3 5. bxc3 Nc6 6. d3 Na5 7. Be3 Nxc4 8.
dxc4 Nh6 9. Qh5+ g6 10. Qxh6 Kf7 11. Qh4 Kg7 12. Bh6+ Kf7 13. Nf3 Kg8 14. Ng5
fxg5 15. Bxg5 Qf8 16. O-O Kg7 17. Bh6+ Kg8 18. Bxf8 Kxf8 19. Qd8+ Kg7 20. Qe7+
Kh6 21. Rae1 d5 22. exd5 c6 23. Re3 cxd5 24. Rh3+ Bxh3 25. Qh4+ Kg7 26. Qxh3 b6
27. cxd5 e4 28. Re1 h5 29. Rxe4 h4 30. Qd7+ Kh6 31. Rxh4+ Kg5 32. Rg4+ Kh5 33.
h3 Kh6 34. Qd6 Rh7 35. Qxg6# 1-0

[Event "Junior Online 4NCL Division 5"]
[Site "online"]
[Date "2020.05.28"]
[Round "7.59"]
[White "Parker, James"]
[Black "Das, Anish"]
[Result "0-1"]
[WhiteElo "887"]
[BlackElo "887"]
[PlyCount "80"]
[EventDate "2020.05.28"]
[WhiteTeam "Manchester Juniors D"]
[BlackTeam "Blue Foxes 1"]

1. e4 e5 2. Bb5 Nf6 3. d3 Bc5 4. Nf3 O-O 5. O-O c6 6. Bc4 d5 7. exd5 cxd5 8.
Bb3 Bf5 9. Bg5 e4 10. Ne5 Nc6 11. Nxc6 bxc6 12. Nc3 h6 13. Bf4 Ng4 14. h3 Ne3
15. Qe1 Nxf1 16. Qxf1 exd3 17. cxd3 Qh4 18. Be3 Bxe3 19. fxe3 g6 20. Ba4 Rae8
21. Bxc6 Rxe3 22. Nd1 Bxd3 23. Nxe3 Bxf1 24. Rxf1 Rc8 25. Bxd5 Rc5 26. b4 Rc3
27. Nd1 g5 28. Nxc3 g4 29. hxg4 Qxg4 30. Ne2 Qxe2 31. Rxf7 Kh8 32. Rxa7 Qd1+
33. Kh2 Qxd5 34. a4 h5 35. b5 h4 36. b6 Qg5 37. b7 Qg3+ 38. Kg1 h3 39. Ra8+ Kh7
40. b8=Q Qxg2# 0-1

[Event "Junior Online 4NCL Division 5"]
[Site "online"]
[Date "2020.05.28"]
[Round "7.60"]
[White "Kula, Michal"]
[Black "Turner, Rufus"]
[Result "0-1"]
[WhiteElo "850"]
[BlackElo "850"]
[PlyCount "32"]
[EventDate "2020.05.28"]
[WhiteTeam "Blue Foxes 1"]
[BlackTeam "Manchester Juniors D"]

1. e4 d6 2. Nh3 h5 3. Nf4 Bg4 4. f3 Bc8 5. d4 g5 6. Nh3 g4 7. fxg4 hxg4 8. Qxg4
Bxg4 9. Nf4 Bh6 10. h3 Bh5 11. Nxh5 Bxc1 12. Ng3 Nf6 13. a4 c6 14. e5 Nd5 15.
c4 Ne3 16. Be2 Nc2+ 0-1

[Event "Junior Online 4NCL Division 5"]
[Site "online"]
[Date "2020.05.28"]
[Round "7.62"]
[White "Jackson, Will"]
[Black "Pickett, George"]
[Result "0-1"]
[WhiteElo "850"]
[BlackElo "775"]
[PlyCount "46"]
[EventDate "2020.05.28"]
[WhiteTeam "Blue Foxes 1"]
[BlackTeam "Manchester Juniors D"]

1. d4 g6 2. Bg5 Bg7 3. e3 Nf6 4. c3 O-O 5. Qg4 Nxg4 6. e4 h6 7. Bf4 e6 8. f3
Nf6 9. Bg3 Nc6 10. f4 Nxe4 11. d5 exd5 12. f5 gxf5 13. Bxc7 Qxc7 14. c4 dxc4
15. b3 c3 16. a3 c2 17. Nc3 Nxc3 18. Rc1 Qe5+ 19. Kd2 Qe4 20. Ba6 bxa6 21. g3
Nd4 22. h3 Na2 23. Nf3 Nxf3# 0-1

[Event "Junior Online 4NCL Division 5"]
[Site "online"]
[Date "2020.05.28"]
[Round "7.65"]
[White "Patel, Aaron"]
[Black "Bett, Joshua"]
[Result "1-0"]
[WhiteElo "1000"]
[BlackElo "906"]
[PlyCount "89"]
[EventDate "2020.05.28"]
[WhiteTeam "Harrow Juniors F"]
[BlackTeam "Friar Tucks"]

1. e4 e5 2. Nf3 Nc6 3. Bc4 Nf6 4. Ng5 Nxe4 5. Nxf7 Qh4 6. g3 Qe7 7. Nxh8 Na5 8.
Bd5 c6 9. Bxe4 Qf6 10. Qh5+ g6 11. Qxh7 Qg7 12. Bxg6+ Kd8 13. Qxg7 Bxg7 14.
Nf7+ Ke7 15. Ng5 Bf6 16. Nf3 Ke6 17. g4 d5 18. Bf5+ Ke7 19. Bxc8 Rxc8 20. d3
Rg8 21. h4 Rxg4 22. b4 Nc4 23. dxc4 Re4+ 24. Kf1 Rxc4 25. Bg5 Rxc2 26. Bxf6+
Kxf6 27. Nbd2 Rb2 28. h5 Kg7 29. h6+ Kh7 30. Ng5+ Kh8 31. Nf7+ Kg8 32. h7+ Kxf7
33. h8=Q Rxd2 34. Qxe5 Rb2 35. Qxb2 Ke7 36. Rh7+ Kd6 37. Rh6+ Kc7 38. Qg7+ Kb6
39. a4 Ka6 40. b5+ Ka5 41. Qc3+ Kb6 42. a5+ Kxb5 43. Rb1+ Ka6 44. Qd3+ Kxa5 45.
Qa3# 1-0

[Event "Junior Online 4NCL Division 5"]
[Site "online"]
[Date "2020.05.28"]
[Round "7.67"]
[White "Patel, Shailen"]
[Black "Tumurugoti, Vaed"]
[Result "0-1"]
[WhiteElo "1060"]
[BlackElo "865"]
[PlyCount "52"]
[EventDate "2020.05.28"]
[WhiteTeam "Harrow Juniors F"]
[BlackTeam "Friar Tucks"]

1. e4 e5 2. Nf3 Nf6 3. Nc3 Bc5 4. Nxe5 Qe7 5. Nd3 d6 6. g3 Ng4 7. Qe2 Nc6 8.
Bg2 O-O 9. O-O Re8 10. Nxc5 dxc5 11. Nd5 Qd7 12. Bh3 f5 13. Qc4 Nce5 14. Qxc5
Qf7 15. Nxc7 Rb8 16. Nxe8 Qxe8 17. d4 Nf3+ 18. Kh1 b6 19. Qc7 Ba6 20. Qxa7 Ra8
21. Qxb6 Qh5 22. Kg2 Ng5 23. Bxg5 Qxg5 24. exf5 Qxf5 25. Rfe1 Qxf2+ 26. Kh1
Qxh2# 0-1

[Event "Junior Online 4NCL Division 5"]
[Site "online"]
[Date "2020.05.28"]
[Round "7.68"]
[White "Golding, Daniel"]
[Black "Horwood, Alexander"]
[Result "1-0"]
[WhiteElo "700"]
[BlackElo "1000"]
[PlyCount "69"]
[EventDate "2020.05.28"]
[WhiteTeam "Friar Tucks"]
[BlackTeam "Harrow Juniors F"]

1. e4 e5 2. Bc4 Nc6 3. d3 Nf6 4. Bg5 Ng4 5. Bxd8 Kxd8 6. Nc3 b5 7. Bxb5 a6 8.
Bxc6 dxc6 9. f3 Be6 10. fxg4 Bc5 11. d4 f5 12. dxc5+ Bd7 13. gxf5 g6 14. fxg6
hxg6 15. Nf3 g5 16. O-O g4 17. Nxe5 Rh7 18. Nxd7 Rh8 19. Ne5+ Ke7 20. Nxg4 Rad8
21. Qf3 Rhf8 22. Qe2 Rxf1+ 23. Qxf1 a5 24. Ne5 Rh8 25. Nxc6+ Kd7 26. Nxa5 Kc8
27. e5 Re8 28. Re1 c6 29. e6 Re7 30. Qf6 Ra7 31. e7 Rxa5 32. e8=Q+ Kb7 33.
Qfxc6+ Ka7 34. Qe7+ Kb8 35. Qce8# 1-0

[Event "Junior Online 4NCL Division 5"]
[Site "online"]
[Date "2020.05.28"]
[Round "7.69"]
[White "Bett, Joshua"]
[Black "Patel, Aaron"]
[Result "0-1"]
[WhiteElo "906"]
[BlackElo "1000"]
[PlyCount "80"]
[EventDate "2020.05.28"]
[WhiteTeam "Friar Tucks"]
[BlackTeam "Harrow Juniors F"]

1. e4 e5 2. Nf3 Nc6 3. Bc4 Bc5 4. O-O Nf6 5. Nc3 O-O 6. d3 d6 7. Bg5 Bg4 8. h3
Bh5 9. g4 Bg6 10. Qe1 h6 11. Bh4 Nd4 12. Nxd4 Bxd4 13. Nb5 Bxb2 14. Rb1 Bd4 15.
Rb4 Bc5 16. a3 Bxb4 17. axb4 c6 18. Nc3 b5 19. Bxb5 cxb5 20. Nxb5 Qb6 21. Nc3
Qxb4 22. Nd5 Qxe1 23. Rxe1 Nxd5 24. exd5 Rac8 25. c4 f5 26. gxf5 Bxf5 27. Rc1
Bxd3 28. Rd1 Bxc4 29. Rc1 Ba6 30. Be7 Rxc1+ 31. Kg2 Rf7 32. f3 Rxe7 33. Kg3
Rg1+ 34. Kf2 Rf1+ 35. Ke3 e4 36. fxe4 Re1+ 37. Kf4 R1xe4+ 38. Kf5 g6+ 39. Kxg6
Rg7+ 40. Kxh6 Rh4# 0-1

[Event "Junior Online 4NCL Division 5"]
[Site "online"]
[Date "2020.05.28"]
[Round "7.71"]
[White "Tumurugoti, Vaed"]
[Black "Patel, Shailen"]
[Result "0-1"]
[WhiteElo "865"]
[BlackElo "1060"]
[PlyCount "70"]
[EventDate "2020.05.28"]
[WhiteTeam "Friar Tucks"]
[BlackTeam "Harrow Juniors F"]

1. d4 d5 2. c4 c6 3. b3 Nf6 4. Nf3 e6 5. Nc3 Bb4 6. Bd2 O-O 7. e3 Ne4 8. Nxe4
dxe4 9. Ne5 c5 10. a3 Ba5 11. b4 cxb4 12. axb4 Bc7 13. f3 exf3 14. Qxf3 Bxe5
15. Bd3 g6 16. Qh3 Nc6 17. e4 Bxd4 18. Rd1 e5 19. Qf3 Qh4+ 20. g3 Bg4 21. Qg2
Qh3 22. Qf2 Bxd1 23. Bf1 Bxf2+ 24. Kxd1 Qg4+ 25. Kc1 b6 26. b5 Nd4 27. h3 Qxg3
28. h4 Nb3+ 29. Kb2 Nxd2 30. Be2 a5 31. h5 gxh5 32. Rxh5 a4 33. Ka2 Qb3+ 34.
Ka1 a3 35. Bd1 Qb2# 0-1

[Event "Junior Online 4NCL Division 5"]
[Site "online"]
[Date "2020.05.28"]
[Round "7.72"]
[White "Horwood, Alexander"]
[Black "Golding, Daniel"]
[Result "0-1"]
[WhiteElo "1000"]
[BlackElo "700"]
[PlyCount "70"]
[EventDate "2020.05.28"]
[WhiteTeam "Harrow Juniors F"]
[BlackTeam "Friar Tucks"]

1. e4 e5 2. Nf3 Nc6 3. Nc3 Bc5 4. Bc4 Nf6 5. d4 exd4 6. e5 Nxe5 7. Bf4 Nxc4 8.
b3 Na5 9. O-O dxc3 10. Rc1 O-O 11. Nd2 cxd2 12. Re1 dxe1=B 13. Qxe1 Ba3 14. Ra1
Bb2 15. Rb1 Bd4 16. Bxc7 Qxc7 17. Rd1 Bc3 18. Rd3 Bxe1 19. Kf1 Bb4 20. a4 Qxc2
21. g4 Qxd3+ 22. Kg2 Qxb3 23. h3 Qxa4 24. h4 Qd1 25. f3 Qd5 26. h5 d6 27. g5
Qxg5+ 28. Kh2 Qxh5+ 29. Kg2 d5 30. f4 Bh3+ 31. Kf2 Qf5 32. Ke2 Qxf4 33. Kd1 Qh2
34. Kc1 Rfe8 35. Kd1 Re1# 0-1

[Event "Junior Online 4NCL Division 5"]
[Site "online"]
[Date "2020.05.28"]
[Round "7.75"]
[White "Wan, Qiao"]
[Black "Arora, Aarav"]
[Result "0-1"]
[WhiteElo "1082"]
[BlackElo "1007"]
[PlyCount "106"]
[EventDate "2020.05.28"]
[WhiteTeam "Cambridge Chess & Go C"]
[BlackTeam "Watford 5"]

1. e4 e5 2. Nf3 Nc6 3. Bc4 Bc5 4. Nc3 Nf6 5. O-O O-O 6. d3 h6 7. Nd5 Nxd5 8.
exd5 Nb4 9. Bd2 Re8 10. Bxb4 Bxb4 11. c3 Bc5 12. d4 exd4 13. cxd4 Bb6 14. Ne5
d6 15. Nd3 Bxd4 16. Bb5 Bd7 17. Bxd7 Qxd7 18. Nc5 Bxc5 19. Re1 Rxe1+ 20. Qxe1
a5 21. Qd1 Re8 22. Qf3 c6 23. dxc6 Qxc6 24. Qc3 Rc8 25. Qxa5 b6 26. Qd2 Re8 27.
a3 Re6 28. Qc2 Bxf2+ 29. Qxf2 Rg6 30. Rf1 Rf6 31. Qe2 Qc5+ 32. Rf2 Qc1+ 33. Rf1
Qxf1+ 34. Qxf1 Rxf1+ 35. Kxf1 Kf8 36. Ke2 Ke7 37. Kd3 Kd7 38. Kd4 Kc6 39. Kc4
d5+ 40. Kd4 b5 41. Kc3 Kc5 42. b3 d4+ 43. Kb2 b4 44. axb4+ Kxb4 45. g3 d3 46.
Kc1 Kxb3 47. Kd2 Kc4 48. Ke3 Kc3 49. Ke4 d2 50. Ke3 d1=Q 51. g4 Qd3+ 52. Kf4
Qd4+ 53. Kf5 g6# 0-1